الاقتصاد الجزئي (رقم التسجيلة. 20834)

تفاصيل مارك
000 -الفاتح
حقل البيانات ثابتة الطول 00776cam a2200205 a 4500
003 - محدد رقم الضبط
رقم الضبط OSt
005 - وقت وتاريخ اخر تعامل مع التسجيلة
رقم الضبط 20150408114008.0
008 - عناصر البيانات ثابتة الطول - معلومات عامة
حقل البيانات ثابتة الطول 080315s2008 jo g b 000 0 ara c
040 ## - مصدر الفهرسة
وكالة الفهرسة الأصلية MU
لغة الفهرسة ara
وكالة النسخ MB
082 04 - رقم تصنيف ديوى العشرى
رقم التصنيف 338.5
رقم الطبعة 21
100 1# - المدخل الرئيسى - إسم شخصى
الإسم الشخصى الوادي، محمود حسين
9 (RLIN) 9694
245 10 - بيان العنوان
العنوان الاقتصاد الجزئي
بيان المسئوليه,etc محمود حسين الوادي، أحمد عارف عساف، وليد احمد صافي
260 ## - PUBLICATION, DISTRIBUTION, ETC. (IMPRINT)
مكان الناشر او الموزع عمان، الأردن :
اسم الناشر او الموزع دار المسيرة
تاريخ النشر أو التوزيع 2009
300 ## - الوصف المادى
التعداد 300 ص. ؛
أبعاد الوعاء 24 سم.
504 ## - تبصرة ببليوجرافية
تبصرة ببليوجرافية,الخ يشتمل على إرجاعات ببليوجرافية.
650 #7 - المدخل الاضافى بالموضوع-مصطلح موضوعى
مصطلح موضوعي أو اسم جغرافي كعنصر مدخل االاقتصاد الجزئي
مصدر الرأس أو المصطلح aucsh
9 (RLIN) 9695
700 ## - المدخل الاضافى - اسم شخصى
الإسم الشخصى عساف، أحمد عارف
9 (RLIN) 9700
700 ## - المدخل الاضافى - اسم شخصى
الإسم الشخصى صافي ، وليد احمد
9 (RLIN) 9701
942 ## - عناصر المدخل الإضافي( كوها)
مصدر التصنيف او مخطط الترفيف Dewey Decimal Classification
Koha [default] item type كتاب
المقتنيات
حالة الفقد نموذج السعر الفعال حالة تلف ليس للاعارة رقم الطلب تاريخ الاكتساب الموقع الحالي الباركود الفرع الرئيسي Date last seen نوع المادة فى نظام كوها مصدر التصنيف او خطة الترفيف Total Checkouts Date last checked out
  2013-11-12     338.5 و م ا 2013-11-12 المكتبة المركزية بالمجمعة (CL) 00600455 المكتبة المركزية بالمجمعة (CL) 2013-11-12 كتاب Dewey Decimal Classification    
  2013-11-13     338.5 و م ا 2013-11-13 المكتبة المركزية بالمجمعة (CL) 00600456 المكتبة المركزية بالمجمعة (CL) 2013-11-13 كتاب Dewey Decimal Classification    
  2013-11-13     338.5 و م ا 2013-11-13 المكتبة المركزية بالمجمعة (CL) 00600457 المكتبة المركزية بالمجمعة (CL) 2013-11-13 كتاب Dewey Decimal Classification    
  2013-11-13     338.5 و م ا 2013-11-13 مكتبة كلية التمريض - طالبات (CNF) 00600462 مكتبة كلية التمريض - طالبات (CNF) 2015-12-03 كتاب Dewey Decimal Classification 1 2015-12-03
  2013-11-13     338.5 و م ا 2013-11-13 مكتبة كلية التمريض - طالبات (CNF) 00600463 مكتبة كلية التمريض - طالبات (CNF) 2013-11-13 كتاب Dewey Decimal Classification    
  2013-03-10     338.5 و م ا 2012-02-26 مكتبة كلية العلوم و الدراسات الإنسانية برماح - طلاب (SRM) 00075292 مكتبة كلية العلوم و الدراسات الإنسانية برماح - طلاب (SRM) 2013-03-10 كتاب Dewey Decimal Classification    
  2013-03-10     338.5 و م ا 2012-02-26 مكتبة كلية العلوم و الدراسات الإنسانية برماح - طلاب (SRM) 00075291 مكتبة كلية العلوم و الدراسات الإنسانية برماح - طلاب (SRM) 2013-03-10 كتاب Dewey Decimal Classification    
  2013-11-13     338.5 2013-11-13 مكتبة كلية العلوم و الدراسات الإنسانية برماح - طلاب (SRM) 00600464 مكتبة كلية العلوم و الدراسات الإنسانية برماح - طلاب (SRM) 2013-11-13 كتاب Dewey Decimal Classification    
  2013-11-13     338.5 2013-11-13 مكتبة مجمع الطالبات بالمجمعة (EMF) 00600460 مكتبة مجمع الطالبات بالمجمعة (EMF) 2013-11-13 كتاب Dewey Decimal Classification    
  2013-11-13     338.5 2013-11-13 مكتبة مجمع الطالبات بالمجمعة (EMF) 00600461 مكتبة مجمع الطالبات بالمجمعة (EMF) 2013-11-13 كتاب Dewey Decimal Classification    
  2013-11-13     338.5 و م ا 2013-11-13 مكتبة مجمع الكليات بالزلفى - طلاب (SZM) 00600458 مكتبة مجمع الكليات بالزلفى - طلاب (SZM) 2013-11-13 كتاب Dewey Decimal Classification    
  2013-11-13     338.5 و م ا 2013-11-13 مكتبة مجمع الكليات بالزلفى - طلاب (SZM) 00600459 مكتبة مجمع الكليات بالزلفى - طلاب (SZM) 2013-11-13 كتاب Dewey Decimal Classification